Geography Quiz

Random Geography or Asia Quiz

10 Closest Capitals to Baku Quiz Stats

 Plays Quiz Updated Aug 16, 2018

Challenge
Share
Tweet
Embed
Score 0/10 Timer 02:00
7 Plays Today
Capital % Correct
Ankara, Turkey
88.9%
Tehran, Iran
88.7%
Baghdad, Iraq
85.7%
Tbilisi, Georgia
80.8%
Damascus, Syria
77.9%
Yerevan, Armenia
77.5%
Beirut, Lebanon
66.7%
Kuwait City, Kuwait
56.5%
Ashgabat, Turkmenistan
49.3%
Nicosia, Cyprus
39.8%

You're not logged in!

Compare scores with friends on all Sporcle quizzes.
OR
Log In

You Might Also Like...

Show Comments

Extras

Top Quizzes Today


Score Distribution

Your Account Isn't Verified!

In order to create a playlist on Sporcle, you need to verify the email address you used during registration. Go to your Sporcle Settings to finish the process.

Report this User

Report this user for behavior that violates our Community Guidelines.

Details: